000
00287 a2200109 4500
000
nam a22 7a 4500
005
20260206170435.0
100
_a
Richardson, Iain E.
_9
1114298
245
_a
Coding Video: A Practical Guide to Hevc and Beyond
260
_b
Wiley
_c
2024
942
_c
TEXL
999
_c
1678845
_d
1678845